[Event "Niedersachsen-ch"]
[Site "Verden"]
[Date "2008.01.03"]
[Round "2"]
[White "Hanowski, Michael"]
[Black "Paetzold, Julius"]
[Result "0-1"]
[WhiteElo "791"]
[BlackElo "1426"]
[PlyCount "24"]
[EventDate "2008.01.03"]
[EventType "swiss"]
[EventRounds "7"]
[EventCountry "GER"]
[SourceTitle "EXT 2010"]
[Source "ChessBase"]
[SourceDate "2010.11.25"]
[SourceVersion "1"]
[SourceVersionDate "2010.11.25"]
[SourceQuality "1"]

1. d4 c6 2. c4 d5 3. c5 Nf6 4. Bg5 e6 5. Bxf6 Qxf6 6. e3 Nd7 7. Nf3 e5 8. b4 b6 9. dxe5 Nxe5 10. a3 Nxf3+ 11. gxf3 Qxa1 12. cxb6 axb6 0-1

[Event "Niedersachsen-ch op"]
[Site "Verden"]
[Date "2007.01.05"]
[Round "3"]
[White "Wierum, Colin"]
[Black "Paetzold, Julius"]
[Result "1-0"]
[WhiteElo "1652"]
[BlackElo "1184"]
[PlyCount "59"]
[EventDate "2007.01.04"]
[EventType "swiss"]
[EventRounds "7"]
[EventCountry "GER"]
[SourceTitle "EXT 2021"]
[Source "ChessBase"]
[SourceDate "2020.10.23"]
[SourceVersion "1"]
[SourceVersionDate "2020.10.23"]
[SourceQuality "1"]

1. e4 c6 2. d4 d5 3. exd5 cxd5 4. Bd3 Nc6 5. Ne2 Bg4 6. f3 Bh5 7. Bf4 e6 8. Nd2 Bd6 9. c3 Bg6 10. Nf1 Bxd3 11. Qxd3 Bxf4 12. Nxf4 Nf6 13. g4 Qc7 14. Ne2 0-0-0 15. 0-0-0 h6 16. h3 e5 17. dxe5 Qxe5 18. f4 Qe4 19. Nfg3 Qxd3 20. Rxd3 Rd7 21. Rhd1 Rhd8 22. Nf5 Ne4 23. Re3 Rg8 24. c4 Nf6 25. g5 hxg5 26. fxg5 Re8 27. gxf6 Rxe3 28. Nxe3 gxf6 29. Nxd5 f5 30. Nd4 1-0

[Event "Niedersachsen-chT U14"]
[Site "Verden"]
[Date "2006.05.27"]
[Round "5.2"]
[White "Stuehmeier, Chris"]
[Black "Paetzold, Julius"]
[Result "1-0"]
[WhiteElo "1734"]
[BlackElo "1161"]
[PlyCount "39"]
[EventDate "2006.05.25"]
[EventType "team"]
[EventRounds "7"]
[EventCountry "GER"]
[SourceTitle "EXT 2007"]
[Source "ChessBase"]
[SourceDate "2006.11.23"]
[SourceVersion "1"]
[SourceVersionDate "2006.11.23"]
[SourceQuality "1"]

1. Nf3 Nf6 2. g3 d6 3. d4 Nc6 4. Bg2 e6 5. 0-0 Be7 6. c4 d5 7. cxd5 exd5 8. Nc3 0-0 9. b3 Bg4 10. Ne5 Be6 11. Nxc6 bxc6 12. Bb2 c5 13. dxc5 Bxc5 14. Qc2 c6 15. e3 Qd7 16. Nxd5 Nxd5 17. Qxc5 Rfc8 18. Rfd1 Qe7 19. Rxd5 Qxc5 20. Rxc5 1-0

[Event "Niedersachsen-ch"]
[Site "Verden"]
[Date "2006.01.08"]
[Round "7"]
[White "Paetzold, Julius"]
[Black "Kingerter, Kjell"]
[Result "1-0"]
[WhiteElo "1152"]
[BlackElo "912"]
[PlyCount "39"]
[EventDate "2006.01.??"]
[EventType "swiss"]
[EventRounds "7"]
[EventCountry "GER"]
[SourceTitle "CBM 110 Extra"]
[Source "ChessBase"]
[SourceDate "2006.03.10"]
[SourceVersion "2"]
[SourceVersionDate "2006.03.10"]
[SourceQuality "1"]

1. e4 e5 2. Nf3 Nc6 3. Bc4 Bc5 4. c3 Nf6 5. d4 exd4 6. cxd4 Bb4+ 7. Nc3 0-0 8. Bg5 Be7 9. d5 Nb8 10. e5 Ne8 11. Bxe7 Qxe7 12. 0-0 d6 13. Re1 dxe5 14. Nxe5 Qb4 15. Bb3 Nf6 16. a3 Qf4 17. g3 Qh6 18. Ne4 Nxe4 19. Rxe4 Re8 20. Ng4 1-0

[Event "Niedersachsen-ch"]
[Site "Verden"]
[Date "2006.01.06"]
[Round "4"]
[White "Thumulka, Patrick"]
[Black "Paetzold, Julius"]
[Result "1-0"]
[WhiteElo "1369"]
[BlackElo "1152"]
[PlyCount "75"]
[EventDate "2006.01.??"]
[EventType "swiss"]
[EventRounds "7"]
[EventCountry "GER"]
[SourceTitle "CBM 110 Extra"]
[Source "ChessBase"]
[SourceDate "2006.03.10"]
[SourceVersion "2"]
[SourceVersionDate "2006.03.10"]
[SourceQuality "1"]

1. e4 e5 2. Nf3 Nc6 3. Bc4 Bc5 4. Nc3 Nf6 5. d3 d6 6. Bg5 h6 7. Bh4 Bg4 8. h3 Bh5 9. Nd5 g5 10. Bg3 Nxd5 11. Bxd5 Qd7 12. c3 0-0-0 13. a4 Ne7 14. b4 Bxb4 15. cxb4 Nxd5 16. exd5 Qf5 17. 0-0 g4 18. Nh4 Qg5 19. hxg4 Bxg4 20. Nf3 Bxf3 21. Qxf3 f5 22. Rac1 f4 23. Bh2 h5 24. Rc4 h4 25. Qh3+ Kb8 26. Rfc1 Rdf8 27. Qd7 Qd8 28. Qxd8+ Rxd8 29. Rxc7 Rc8 30. Rxc8+ Rxc8 31. Rxc8+ Kxc8 32. g3 hxg3 33. fxg3 fxg3 34. Bxg3 Kc7 35. Bf2 b6 36. Kg2 a5 37. b5 Kd7 38. Bxb6 1-0

[Event "Niedersachsen-ch U12"]
[Site "Rotenburg/Wuemme"]
[Date "2005.03.25"]
[Round "9"]
[White "Paetzold, Julius"]
[Black "Soellig, Viktor Ferdinand"]
[Result "1/2-1/2"]
[WhiteElo "1156"]
[BlackElo "863"]
[PlyCount "50"]
[EventDate "2005.03.19"]
[EventType "swiss"]
[EventRounds "9"]
[EventCountry "GER"]
[SourceTitle "EXT 2007"]
[Source "ChessBase"]
[SourceDate "2006.11.23"]
[SourceVersion "1"]
[SourceVersionDate "2006.11.23"]
[SourceQuality "1"]

1. d4 d5 2. c4 c6 3. e3 Bf5 4. Nc3 e6 5. c5 Nd7 6. Bd3 Bxd3 7. Qxd3 Ngf6 8. Nf3 Be7 9. b4 a6 10. Ba3 b5 11. 0-0 0-0 12. e4 h6 13. e5 Nh7 14. Rfe1 Ng5 15. Bc1 Nxf3+ 16. Qxf3 Bg5 17. Bxg5 Qxg5 18. Re3 f6 19. exf6 Qxf6 20. Qxf6 Rxf6 21. Rae1 Re8 22. g3 Nf8 23. f4 Rf5 24. Kg2 Kf7 25. Kf3 Ng6 1/2-1/2

[Event "Niedersachsen-ch U12"]
[Site "Rotenburg/Wuemme"]
[Date "2005.03.21"]
[Round "4"]
[White "Guennigmann, Manuel"]
[Black "Paetzold, Julius"]
[Result "1-0"]
[WhiteElo "1647"]
[BlackElo "1156"]
[PlyCount "119"]
[EventDate "2005.03.19"]
[EventType "swiss"]
[EventRounds "9"]
[EventCountry "GER"]
[SourceTitle "EXT 2007"]
[Source "ChessBase"]
[SourceDate "2006.11.23"]
[SourceVersion "1"]
[SourceVersionDate "2006.11.23"]
[SourceQuality "1"]

1. e4 e5 2. Bc4 Nf6 3. d3 Be7 4. Nf3 Nc6 5. 0-0 d5 6. exd5 Nxd5 7. Re1 Bg4 8. Bb5 f6 9. Bxc6+ bxc6 10. Nbd2 0-0 11. h3 Bh5 12. Ne4 Bd6 13. Ng3 Bg6 14. Nh4 Qe7 15. Nxg6 hxg6 16. d4 Rfe8 17. c4 Nb6 18. c5 Bxc5 19. dxc5 Qxc5 20. Be3 Qb4 21. Bxb6 Qxb6 22. Qc2 f5 23. Rac1 Re6 24. Red1 Rc8 25. b3 Rd6 26. Rd2 Qa5 27. Rcd1 Rcd8 28. Rxd6 Rxd6 29. a4 Qb6 30. Nf1 e4 31. Ne3 Rxd1+ 32. Qxd1 f4 33. Nc4 Qc5 34. Qd8+ Kh7 35. Qh4+ Qh5 36. Qxh5+ gxh5 37. Nd2 e3 38. fxe3 fxe3 39. Nc4 g5 40. Nxe3 Kg6 41. g4 hxg4 42. hxg4 Kf6 43. Nc4 Ke6 44. Kf2 Kd5 45. Ke3 c5 46. Kd3 a6 47. Ke3 c6 48. Kd3 Ke6 49. Ke4 Kf6 50. Na5 Ke6 51. Nxc6 Kf6 52. Kd5 Kf7 53. Ke5 Kg6 54. Ke6 Kg7 55. Nb8 a5 56. Nc6 Kg6 57. Nxa5 c4 58. bxc4 Kh6 59. c5 Kg6 60. c6 1-0

[Event "Niedersachsen-ch U12"]
[Site "Rotenburg/Wuemme"]
[Date "2005.03.19"]
[Round "1"]
[White "Steinke, Dimitrij"]
[Black "Paetzold, Julius"]
[Result "0-1"]
[WhiteElo "820"]
[BlackElo "1156"]
[PlyCount "36"]
[EventDate "2005.03.19"]
[EventType "swiss"]
[EventRounds "9"]
[EventCountry "GER"]
[SourceTitle "EXT 2007"]
[Source "ChessBase"]
[SourceDate "2006.11.23"]
[SourceVersion "1"]
[SourceVersionDate "2006.11.23"]
[SourceQuality "1"]

1. e4 e5 2. Nf3 Nc6 3. Bb5 a6 4. Bxc6 dxc6 5. Nxe5 Qd4 6. 0-0 Qxe5 7. d4 Qe6 8. d5 cxd5 9. exd5 Qd6 10. Nc3 Be7 11. Ne4 Qg6 12. Qf3 Nf6 13. Nxf6+ gxf6 14. Qe2 Bh3 15. Qf3 Bf5 16. d6 cxd6 17. Qxb7 Be4 18. Qc7 Qxg2# 0-1